000 00279nam a2200109Ia 4500
008 220204s9999 xx 000 0 und d
082 _a030.8:801.481.2
_bRAM
100 _aRamalingam Pillai, T
245 0 _aMalayalam Sailee Nighantu
260 _aKottayam
_bD C
_c1975
942 _cBK
999 _c23161
_d23161